00875nam a2200277Ic 450000100060000000300100000600500170001600700030003300800410003602000290007704000350010604100080014108400110014910000340016024500320019425000400022626400560026630000180032233600270034033700330036733800280040049000250042850000420045350500660049565000360056159047CO-BoRNBP20250903142240.0ta180109s9999 xx 000 0 und d a9584245716\9789584245717 aCO-BoRNBPbspaerdacCO-BoRNBP aspa aN PAD11 aPadura, Leonardo,d1955-eaut10aHerejes /cLeonardo Padura. aSegunda edición, 3a reimpresión 1aBogotá, Colombia :bTusQuets Editores;2017,c2017 a516 páginas atextobtxt2rdacontent asin mediaciónbn2rdamedia avolumenbnc2rdacarrier0 aColección andanzas aContiene información sobre el autor0 aLibro de Daniel Libro de Elías Libro de Judith Génesis07aReparaciones domésticas2LEMB